00983nam a22002657a 450000500170000001000130001702000230003003500130005303700160006604000120008208200180009410000260011224500960013825000110023426000460024527000470029130000290033850000500036765000540041765000460047170000250051794200270054299900190056995201290058820170124110204.0 aA-817167 c150.00a8120310489 aA-817167 bCen Lib/Ret aDPLbEN a001.6424bSTE aSterling, Leon936819 aThe art of Prolog :cby Leon Sterling [and] Ehud Shapirobadvanced programming techniques / a2nd ed aNew DelhibPrentice Hall of India c1996 bNew DelhiaM-97, Connaught Circus e110001 axxxviii,509p. c24cm(Hb) aIncludes bibliographical references and index aCOMPUTERS -- Programming Languages -- Java972692 aProlog (Computer program language)936821 aShapiro, Ehud936822 2ddccENh001.6424mSTE c133102d133102 00104070aLbLd2015-07-24eCen Lib/Retg150.00l0o001.6424 STEpA-817167r2015-07-24 00:00:00t1v150.00w2015-07-24yEN